Educational technology expanding our vision / (Record no. 123100)

MARC details
000 -LEADER
fixed length control field 00694nam a22002297a 4500
005 - DATE AND TIME OF LATEST TRANSACTION
control field 20170124105920.0
010 ## - LIBRARY OF CONGRESS CONTROL NUMBER
LC control number B-120760
020 ## - INTERNATIONAL STANDARD BOOK NUMBER
Terms of availability 650.00
International Standard Book Number 9798172731228
035 ## - SYSTEM CONTROL NUMBER
System control number B-120760
037 ## - SOURCE OF ACQUISITION
Source of stock number/acquisition Cen Lib/Ret
040 ## - CATALOGING SOURCE
Original cataloging agency DPL
Language of cataloging EN
082 ## - DEWEY DECIMAL CLASSIFICATION NUMBER
Classification number 371
Item number KRI
100 ## - MAIN ENTRY--PERSONAL NAME
Personal name Krishnamurthy, RC
9 (RLIN) 80954
245 ## - TITLE STATEMENT
Title Educational technology expanding our vision /
Statement of responsibility, etc by RC Krishnamurthy
260 ## - PUBLICATION, DISTRIBUTION, ETC. (IMPRINT)
Place of publication, distribution, etc Delhi
Name of publisher, distributor, etc Authors press
Date of publication, distribution, etc 2003
270 ## - ADDRESS
Address E-35/103, Jawahar park Laxmi nagar
City Delhi
Postal code 110092
300 ## - PHYSICAL DESCRIPTION
Extent 344p.
Dimensions 21cm(Hb)
500 ## - GENERAL NOTE
General note Includes appendix and index
650 ## - SUBJECT ADDED ENTRY--TOPICAL TERM
Topical term or geographic name as entry element Education
9 (RLIN) 1169
650 ## - SUBJECT ADDED ENTRY--TOPICAL TERM
Topical term or geographic name as entry element Information technology
9 (RLIN) 80955
942 ## - ADDED ENTRY ELEMENTS (KOHA)
Source of classification or shelving scheme Dewey Decimal Classification
Koha item type English Books
Classification part 371
Call number suffix KRI
Holdings
Withdrawn status Lost status Damaged status Not for loan Home library Current library Date acquired Source of acquisition Cost, normal purchase price Total Checkouts Total Renewals Full call number Barcode Date last seen Date checked out Copy number Cost, replacement price Price effective from Koha item type
        Central Library Central Library 02/06/2015 Cen Lib/Ret 650.00 3 1 371 KRI B-120760 09/07/2022 13/06/2022 1 650.00 02/06/2015 English Books

© Delhi Public Library
Hit Counter
free hit counter